000 01668nam a2200205 4500
999 _c5270
_d5270
020 _a9780071101516
020 _a0071101519
050 _aHA29
_b.M268
100 _aLind, Douglas A.
245 _aStatistical techniques in business & economics with global data sets /
_cDouglas A. Lind, William G. Marchal, & Samuel A. Wathen
250 _a13th ed.
260 _aBoston
_bMcGraw-Hill
_c2008
300 _axix, 860p. :
_bill. (col.) ;
_c27cm
500 _aIncludes index
505 _aChapter 1. What Is Statistics? Chapter 2. Describing Data: Frequency Tables, Frequency Distributions, and Graphic Presentation Chapter 3. Describing Data: Numerical Measures Chapter 4. Describing Data: Displaying and Exploring Data Chapter 5. A Survey of Probability Concepts Chapter 6. Discrete Probability Distributions Chapter 7. Continuous Probability Distributions Chapter 8. Sampling Methods and the Central Limit Theorem Chapter 9. Estimation and Confidence Intervals Chapter 10. One-Sample Tests of Hypothesis Chapter 11. Two-Sample Tests of Hypothesis Chapter 12. Analysis of Variance Chapter 13. Linear Regression and Correlation Chapter 14. Multiple Regressions and Correlation Analysis Chapter 15. Index Numbers Chapter 16. Time Series and Forecasting Chapter 17. Nonparametric Methods: Chi-Square Applications Chapter 18. Nonparametric Methods: Analysis of Ranked Data Chapter 19. Statistical Process Control and Quality Management Chapter 20. An Introduction to Decision Theory MegaStat for Excel Visual Statistics
650 _aStatistics
700 _aMarchal, William G.
700 _aWathen, Samuel A.
942 _cBK